Routledge handbook of contemporary India / (Record no. 105091)
[ view plain ]
| 000 -LEADER | |
|---|---|
| fixed length control field | 00510cam a2200169 i 4500 |
| 001 - CONTROL NUMBER | |
| control field | 18622775 |
| 005 - DATE AND TIME OF LATEST TRANSACTION | |
| control field | 20180605094001.0 |
| 008 - FIXED-LENGTH DATA ELEMENTS--GENERAL INFORMATION | |
| fixed length control field | 150519s2016 enka b 001 0 eng |
| 020 ## - INTERNATIONAL STANDARD BOOK NUMBER | |
| International Standard Book Number | 9780415738651 (hbk. : alk. paper) |
| 020 ## - INTERNATIONAL STANDARD BOOK NUMBER | |
| International Standard Book Number | 9781315682570 (ebk.) |
| 040 ## - CATALOGING SOURCE | |
| Transcribing agency | PK-LaUMT |
| 082 00 - DEWEY DECIMAL CLASSIFICATION NUMBER | |
| Classification number | 306.0954 |
| Edition number | 23 |
| Item number | ROU- |
| 245 10 - TITLE STATEMENT | |
| Title | Routledge handbook of contemporary India / |
| Statement of responsibility, etc | edited by Knut A. Jacobsen |
| 260 ## - PUBLICATION, DISTRIBUTION, ETC. (IMPRINT) | |
| Place of publication, distribution, etc | London : |
| Name of publisher, distributor, etc | Routledge, |
| Date of publication, distribution, etc | 2016 |
| 300 ## - PHYSICAL DESCRIPTION | |
| Extent | xvi, 506 p. : |
| Other physical details | illustrations ; |
| Dimensions | 26 cm |
| 942 ## - ADDED ENTRY ELEMENTS (KOHA) | |
| Koha item type | Books |
| Withdrawn status | Lost status | Damaged status | Home library | Current library | Date acquired | Full call number | Barcode | Date last seen | Price effective from | Koha item type |
|---|---|---|---|---|---|---|---|---|---|---|
| UMT Main Campus | UMT Main Campus | 2018-06-05 | 306.0954 ROU- | 121800 | 2018-11-08 | 2018-06-05 | Books |
